Bruksela - quiz wielokrotnego wyboru - Statystyki

Ogólne statystyki
  • Ten quiz został rozwiązany 609 razy
  • Średni wynik to 7 z 10
Statystyki odpowiedzi
Zagadnienie Odpowiedź % Poprawnych
Bruksela jest uważana za faktyczną stolicę ... Unii Europejskiej
98%
Jednym z najbardziej rozpoznawalnych zabytków Brukseli jest Manneken Pis. Czym jest? Małą rzeźbą sikającego chłopca
84%
Z którego z tych produktów Bruksela jest dobrze znana? Gofra
78%
Która z tych rzeźb została zbudowana w Brukseli na Wystawę Światową w 1958 r?
77%
Poza francuskim, jaki jest język urzędowy Brukseli? Niderlandzki
73%
Jaka jest francuska nazwa dla Brukseli? Bruxelles
69%
Co dwa lata wolontariusze z całej Belgii tworzą „dywan” na centralnym placu Brukseli. Z czego jest on zrobiony? Kwiatów
62%
Która z poniższych międzynarodowych organizacji ma swoją główną siedzibę w Brukseli? NATO
50%
Która z tych roślin nie należy do tego samego gatunku co brukselka? Szpinak
47%
Która z poniższych postaci została wymyślona przez osobę z Brukseli? Tintin
44%
Nie znaleziono quizów pasujących do podanych kryteriów
Rozkład punktacji
Procent ludzi z każdym wynikiem
Percentyl według liczby udzielonych odpowiedzi
Twoja historia wyników
Nie rozwiązałeś tego quizu